Bližšie k patentu a patentovému súdu EÚ

Zlepšenie patentového systému v Európe. Rokovania o návrhu dohody smerujúcej k zriadeniu patentového súdu EÚ. Patenty EÚ, ochrana vynálezov v Európe a návrh Rady o patente EÚ. Patenty EÚ ako predmet vlastníctva. Úprava jazykového režimu. Návrh dohody o Súde pre európske patenty a patenty Spoločenstv...

Descrizione completa

Salvato in:
Dettagli Bibliografici
Autore principale: Marčoková, Lukrécia
Natura: Capitolo di libro
Lingua:slovacco
Soggetti:
Tags: Aggiungi Tag
Nessun Tag, puoi essere il primo ad aggiungerne!!

MARC

LEADER 00000naa$a2200000$$$4500
001 0112171
005 20220729111109.8
041 0 |a slo 
044 |a SK 
245 1 0 |a Bližšie k patentu a patentovému súdu EÚ  |c Lukrécia Marčoková 
520 |a Zlepšenie patentového systému v Európe. Rokovania o návrhu dohody smerujúcej k zriadeniu patentového súdu EÚ. Patenty EÚ, ochrana vynálezov v Európe a návrh Rady o patente EÚ. Patenty EÚ ako predmet vlastníctva. Úprava jazykového režimu. Návrh dohody o Súde pre európske patenty a patenty Spoločenstva. 
610 2 0 |a Európska únia 
610 2 0 |a Európske spoločenstvá 
610 2 0 |a právo európske 
610 2 0 |a spolupráca medzinárodná 
610 2 0 |a patenty 
610 2 0 |a vynálezy 
610 2 0 |a objavy 
610 2 0 |a ochrana autorstva 
610 2 0 |a vlastníctvo duševné 
100 1 |a Marčoková, Lukrécia